000 00731nam a2200253 a 4500
001 61189
003 BD-RjUL
005 20211209080930.0
008 170115s19711965enka b 000 0 eng d
035 _a(BD-RjUL)61313
040 _aBD-RjUL
_cBD-RjUL
_dBD-RjUL
_beng
041 _aeng
082 _a371.3
_223
_bTEC 1971
245 1 0 _aTechniques of teaching /
_cEdited by A. D. C. Peterson.
250 _a[1st ed.]
260 _aOxford :
_bPergamon Press,
_c1971
300 _av. :
_bill. ;
_c20 cm.
504 _aIncludes bibliographical references.
505 0 _av. 1. Primary education --
650 0 _aTeaching
_9179758
650 0 _aEducation, Primary.
_9182547
700 _aPeterson, A. D. C.
_9182797
942 _2ddc
_cBK
999 _c61189
_d61189